Statistics for Answers Contain the Number Six

Click here to take the quiz!

General Stats

  • This quiz has been taken 27,986 times
    (16,227 since last reset)
  • The average score is 12 of 20

Answer Stats

HintAnswer% Correct
What Henry VIII hadSix Wives
97%
Defined absSix Pack
90%
What a hexagon hasSix Sides
90%
What insects haveSix Legs
88%
GuitarSix String
88%
Income of at least $100,000Six Figures
75%
Coin worth half a shillingSixpence
75%
Value of the Bionic ManSix Million Dollars
69%
RevolverSix Shooter
66%
1967 Arab-Israeli WarSix-Day War
62%
Common burial locationSix Feet Under
60%
Maximum separation between
any two people
Six Degrees
56%
What polydactyl cats haveSix Toes
52%
What have flown over TexasSix Flags
50%
Half dozen of the otherSix of One
47%
Disney movie about robot superherosBig Hero 6
44%
Annual rugby competitionSix Nations
39%
Special forces unit that killed OsamaSEAL Team Six
38%
Mötley Crüe's bassistNikki Sixx
26%
Goliath's alleged heightSix Cubits
23%

Score Distribution

Percentile by Number Answered

Percent of People with Each Score

Your Score History

You have not taken this quiz since the last reset